000 00620nam a2200193 i 4500
001 25150
003 ES-MaACL
005 20250728042309.0
007 t|
008 021220s1887 sp ||||1| spa d
110 2 _aAramburo Hermanos.
_91413
245 1 3 _aLa fotografía al alcance de todos /
_cAramburo Hermanos.
260 _aMadrid :
_b[s.n.],
_c1887 (
_fR. Velasco)
300 _a129 p. :
_bil. ;
_c19 cm.
650 7 _aFotografía-
_xTécnica
_2
_9150981
650 0 4 _aFotografía-
_xMaterial y equipo
_912958
852 _aES-MaACL
_jT-941-F-1
_z.- Donat. Ministerio de Fomento
999 _c25150
_d25150